| 000 | 01562nam a2200313 a 4500 | ||
|---|---|---|---|
| 001 | BRCA_3053 | ||
| 005 | 20190320204103.0 | ||
| 008 | 230109s1781----fr-a---###---#000-0#fre-u | ||
| 041 | _afre | ||
| 044 | _afr | ||
| 084 |
_a359 _b.M34 _c1781 |
||
| 100 | 1 |
_aCervantes Saavedra, Miguel de _d1547-1616 _9213 |
|
| 245 | 1 | 0 |
_aHistoire de L´Admirable Don Quichotte de la Manche _cMiguel de Cervantes Saavedra ; Traduite por Filleau de Saint-Martin. |
| 260 |
_aRuán (Francia) _bPierre Machuel _c1781 |
||
| 300 |
_a6 v. _bil. _c17 cm. |
||
| 500 | _aContenido : v 1. Primera parte. Advertencia del traductor. Dedicatoria del traductor. Nota del librero. Texto. -- v 2. Texto. -- v 3. Segunda parte. Texto. -- v 4. Texto. -- v 5. Primera parte de la continuación escrita por el traductor. Texto. -- v 6. Segunda parte de la continuación escrita por el traductor. Texto | ||
| 500 | _aEdición : Nouvelle edition revueé corrigée et augmentée | ||
| 500 | _aEsta edición sigue la publicada por Bassompierre y Van den Berghen, en 1773. Piel; lomeras adornadas con dorados Lúdovik Osterc | ||
| 500 | _aQM279 | ||
| 546 | _aTexto en : francés | ||
| 650 | 1 | 4 |
_aNovela española _yÉpoca clásica, 1500-1700 _9215 |
| 650 | 1 | 4 |
_aLiteratura española _yÉpoca clásica, 1500-1700 _9216 |
| 650 | 1 | 4 |
_aNovela española _ySiglo XVII _9217 |
| 650 | 1 | 4 |
_aDon Quijote (Personaje ficticio) _eNovela _9218 |
| 700 | 1 |
_aSain-Martin, Francois Filleau de _d1632-1695 _eTraductor _98373 |
|
| 740 | 0 | _aEl Ingenioso Hidalgo Don Quijote de la Mancha | |
| 902 | _aQFM | ||
| 942 |
_2lcc _cB |
||
| 999 |
_c2789 _d2789 |
||